Obras completas del laureado poeta latino aragonés del siglo XVI Antonio Serón, bilbilitano / (Record no. 143672)

MARC details
000 -LEADER
campo de control de longitud fija 01436nam a22003615 4500
001 - NÚMERO DE CONTROL
campo de control 143672
003 - IDENTIFICADOR DE NÚMERO DE CONTROL
campo de control SpMaBN
005 - FECHA Y HORA DE LA ÚLTIMA TRANSACCIÓN
campo de control 20251003200309.0
008 - DATOS DE LONGITUD FIJA--INFORMACIÓN GENERAL
campo de control de longitud fija 951004s1982 sp | ||| ||spa
016 7# - NÚMERO DE CONTROL DE UNA AGENCIA BIBLIOGRÁFICA NACIONAL
Número de control del registro bimoBNE19950280628
Fuente SpMaBN
017 ## - NÚMERO DE COPYRIGHT O DE DEPÓSITO LEGAL
Número de copyright o de depósito legal Z 888-1982
Agencia que asigna Oficina Depósito Legal Zaragoza
020 ## - NÚMERO INTERNACIONAL ESTÁNDAR DEL LIBRO
Número Internacional Estándar del Libro 8400051580
035 ## - NÚMERO DE CONTROL DEL SISTEMA
Número de control de sistema (OCoLC)431220024
040 ## - FUENTE DE CATALOGACIÓN
Centro catalogador/agencia de origen SpMaBN
Lengua de catalogación spa
Centro/agencia transcriptor SpMaBN
Normas de descripción rdc
Centro/agencia modificador ES-MaACL
080 ## - NÚMERO DE LA CLASIFICACIÓN DECIMAL UNIVERSAL
Número de la Clasificación Decimal Universal 860-14"15"
100 0# - ENTRADA PRINCIPAL--NOMBRE DE PERSONA
Nombre de persona Serón, Antonio
Número de control del registro de autoridad o número normalizado XX1118926
9 (RLIN) 105594
245 10 - MENCIÓN DEL TÍTULO
Título Obras completas del laureado poeta latino aragonés del siglo XVI Antonio Serón, bilbilitano /
Mención de responsabilidad, etc. edición crítica, bilingüe y anotada por José Guillén
260 ## - PUBLICACIÓN, DISTRIBUCIÓN, ETC.
Lugar de publicación, distribución, etc. Zaragoza :
Nombre del editor, distribuidor, etc. Institución "Fernando el Católico",
Fecha de publicación, distribución, etc. 1982
300 ## - DESCRIPCIÓN FÍSICA
Extensión 2 v. ;
Dimensiones 25 cm
490 1# - MENCIÓN DE SERIE
Mención de serie Publicación núm. 864 de la Institución "Fernando el Católico"
505 0# - NOTA DE CONTENIDO CON FORMATO
Nota de contenido con formato 1. Elegías y silvas 2. Poesías sueltas y Aragonia
546 ## - NOTA DE IDIOMA
Nota de lengua/lenguaje Texto en latín y traducción al español
600 04 - PUNTO DE ACCESO ADICIONAL DE MATERIA--NOMBRE DE PERSONA
9 (RLIN) 105594
Nombre de persona Serón, Antonio
650 #4 - PUNTO DE ACCESO ADICIONAL DE MATERIA--TÉRMINO DE MATERIA
Término de materia o nombre geográfico como elemento de entrada Poesías españolas-
Subdivisión cronológica S.XVI-XVII
9 (RLIN) 16219
655 #7 - TERMINO DE INDIZACIÓN--GENERO/FORMA
Datos o término principal de género/forma Poesías
Fuente del término tgfbne
9 (RLIN) 176539
700 1# - ENTRADA AGREGADA--NOMBRE PERSONAL
Nombre de persona Guillén, José,
Fechas asociadas al nombre 1913-
9 (RLIN) 60769
830 #0 - PUNTO DE ACCESO ADICIONAL DE SERIE-TÍTULO UNIFORME
Título uniforme Publicación ... de la Institución Fernando el Católico
Designación de volumen o secuencia n. 864, 892
9 (RLIN) 233871
852 ## - LOCALIZACIÓN
Ubicación ES-MaACL
Sublocalización o colección R.104784
Número de control de estantería L-3804-5
itemnumber 148860
Ubicación en estantería Depósito 2
942 ## - ELEMENTOS DE ENTRADA SECUNDARIOS (KOHA)
Fuente del sistema de clasificación o colocación Clasificación decimal universal
Tipo de ítem Koha Libro impreso
Holdings
Estatus retirado Estado de pérdida Fuente del sistema de clasificación o colocación Estado de daño No para préstamo Biblioteca de origen Biblioteca actual Ubicación en estantería Fecha de adquisición Total de préstamos Signatura topográfica completa Código de barras Visto por última vez Precio de reemplazo Tipo de ítem Koha
    Clasificación decimal universal     Biblioteca del Ateneo de Madrid Biblioteca del Ateneo de Madrid Depósito 2 17/01/2008   L-3804-5 1149478 23/02/2023 23/02/2023 Libro impreso